000 00484nam a2200169 4500
001 121685
003 ES-MaACL
005 20230906191812.0
007 t|
008 070214s1967 sp r ||||1| cat d
100 1 _aPorter, George.
_993229
245 1 0 _aQuímica d'avui /
_cGeorge Porter ; traducció de Jordi Duñach.
260 _aBarcelona :
_bTeide,
_c1967.
300 _a140 p. :
_bil. ;
_c18 cm.
700 1 _aDuñach, Jordi.
_946075
852 _aES-MaACL
_jC-32850
_bR.63665
999 _c121685
_d121685